Революционное движение в Омске в годы первой русской революции (1905-1907) : (Record no. 430039)
[ view plain ]
| 000 -LEADER | |
|---|---|
| fixed length control field | 01102nam a2200217 a 4500 |
| 003 - CONTROL NUMBER IDENTIFIER | |
| control field | AM-YeHGA |
| 040 ## - CATALOGING SOURCE | |
| Original cataloging agency | AM-YeHGA |
| 090 ## - LOCALLY ASSIGNED LC-TYPE CALL NUMBER (OCLC); LOCAL CALL NUMBER (RLIN) | |
| -- | 432590 |
| 005 - DATE AND TIME OF LATEST TRANSACTION | |
| control field | 20250617155306.0 |
| 008 - FIXED-LENGTH DATA ELEMENTS--GENERAL INFORMATION | |
| fixed length control field | 180322s1957 ru |||||rf||||000|0|rus|| |
| 041 0# - LANGUAGE CODE | |
| Language code of text/sound track or separate title | rus |
| 245 00 - TITLE STATEMENT | |
| Title | Революционное движение в Омске в годы первой русской революции (1905-1907) : |
| Remainder of title | Сборник документальных материалов / |
| Statement of responsibility, etc. | Сост И.Д. Клеткин и др. ; Архивный отд. УВД Омского облисполкома. |
| 260 ## - PUBLICATION, DISTRIBUTION, ETC. | |
| Place of publication, distribution, etc. | Омск : |
| Name of publisher, distributor, etc. | Обл. кн. изд-во, |
| Date of publication, distribution, etc. | 1957. |
| 300 ## - PHYSICAL DESCRIPTION | |
| Extent | 304 с. ; |
| Dimensions | 23 см. |
| 650 14 - SUBJECT ADDED ENTRY--TOPICAL TERM | |
| Topical term or geographic name entry element | История России |
| 653 0# - INDEX TERM--UNCONTROLLED | |
| Uncontrolled term | КПСС - История - Омская организация - Документы и материалы |
| 653 0# - INDEX TERM--UNCONTROLLED | |
| Uncontrolled term | Революция 1905-1907 гг. - Омск - Документы и материалы |
| 700 1# - ADDED ENTRY--PERSONAL NAME | |
| Personal name | Клеткин, И.Д. |
| Relator term | сост. |
| Relationship | com |
| 710 2# - ADDED ENTRY--CORPORATE NAME | |
| Corporate name or jurisdiction name as entry element | Архивный отдел УВД Омского облисполкома |
| 942 ## - ADDED ENTRY ELEMENTS (KOHA) | |
| Source of classification or shelving scheme | Universal Decimal Classification |
| Koha item type | Գրքեր / Books |
| Withdrawn status | Lost status | Source of classification or shelving scheme | Damaged status | Not for loan | Collection | Home library | Current library | Date acquired | Total checkouts | Full call number | Barcode | Date last seen | Price effective from | Koha item type | Public note |
|---|---|---|---|---|---|---|---|---|---|---|---|---|---|---|---|
| Universal Decimal Classification | General | Fundamental Scientific Library | Fundamental Scientific Library | 16/04/2019 | РД II/59785 | FL0574103 | 16/04/2019 | 16/04/2019 | Գրքեր / Books | 30 Days Loan |
ՀՀ Գիտությունների ազգային ակադեմիայի հիմնարար գիտական գրադարան = Fundamental Scientific Library of NAS RA
All site content, except where otherwise noted, is licensed under a